[Event "20th Rubinstein Memorial"]
[Site "Polanica Zdroj POL"]
[Date "1982.08.??"]
[Round "5"]
[White "Pokojowczyk, Jerzy"]
[Black "Filipowicz, Andrzej"]
[WhiteElo "2420"]
[BlackElo "2395"]
[Result "1/2-1/2"]
[EventDate "1982.08.11"]
[PlyCount "76"]
1. e4 c5 2. Nf3 e6 3. d4 cxd4 4. Nxd4 a6 5. Bd3 Nf6 6. O-O d6 7. c4 Be7 8. Nc3 O-O 9. Be3 Nbd7 10. f4 Re8 11. Rc1 Bf8 12. Kh1 g6 13. Be2 e5 14. fxe5 Nxe5 15. Bg5 Be7 16. Qe1 Be6 17. Qh4 Nd5 18. Bxe7 Qxe7 19. Qxe7 Nxe7 20. Nxe6 fxe6 21. Rfd1 Red8 22. Na4 Rac8 23. b4 Kg7 24. c5 d5 25. Nb6 Rb8 26. exd5 Nxd5 27. Nxd5 Rxd5 28. a4 Rbd8 29. b5 axb5 30. axb5 Rxd1+ 31. Rxd1 Rxd1+ 32. Bxd1 Nd7 33. c6 bxc6 34. bxc6 Nb6 35. c7 Kf6 36. h4 Ke7 37. Bg4 Kd7 38. Kh2 Kxc7 1/2-1/2

[Event "20th Rubinstein Memorial"]
[Site "Polanica Zdroj POL"]
[Date "1982.08.??"]
[Round "5"]
[White "Stempin, Pawel"]
[Black "Radulov, Ivan"]
[WhiteElo "2380"]
[BlackElo "2480"]
[Result "0-1"]
[EventDate "1982.08.11"]
[PlyCount "72"]
1. d4 d5 2. c4 dxc4 3. Nf3 c5 4. e3 e6 5. Bxc4 a6 6. a4 Nf6 7. O-O Qc7 8. Qe2 Nc6 9. Nc3 Bd6 10. Rd1 O-O 11. h3 b6 12. d5 exd5 13. Bxd5 Bb7 14. e4 Rae8 15. Bg5 Nd4 16. Nxd4 Nxd5 17. Nxd5 Bxd5 18. Nf5 Rxe4 19. Qh5 Rfe8 20. Nxg7 R8e5 21. f4 Rxf4 22. Ne8 Qc6 23. Nxd6 h6 24. Rd2 hxg5 25. Qh6 c4 26. Rad1 c3 27. bxc3 Qxc3 28. Rxd5 Rh4 29. Qf6 Re1+ 30. Rxe1 Qxf6 31. Nf5 Rxa4 32. g4 Ra1 33. Rdd1 Rxd1 34. Rxd1 Qc3 35. Rd8+ Kh7 36. Kg2 a5 0-1

[Event "20th Rubinstein Memorial"]
[Site "Polanica Zdroj POL"]
[Date "1982.08.??"]
[Round "5"]
[White "Vogt, Lothar"]
[Black "Foisor, Ovidiu"]
[WhiteElo "2490"]
[BlackElo "2400"]
[Result "1-0"]
[EventDate "1982.08.11"]
[PlyCount "71"]
1. e4 c5 2. Nf3 e6 3. d4 cxd4 4. Nxd4 Nf6 5. Nc3 d6 6. g4 h6 7. Rg1 Be7 8. Be3 Nc6 9. Be2 a6 10. Qd2 Nxd4 11. Qxd4 e5 12. Qd3 Be6 13. O-O-O Nd7 14. Nd5 Bg5 15. Kb1 Rc8 16. f4 exf4 17. Nxf4 Bc4 18. Qd2 Ne5 19. b3 Bxe2 20. Qxe2 O-O 21. Nd5 Re8 22. Bb6 Qd7 23. Bf2 Bd8 24. h4 Ng6 25. g5 h5 26. Qxh5 Rxe4 27. Qf3 Qe6 28. h5 Nf8 29. Rge1 Re5 30. Bg3 Qh3 31. Rf1 Rxg5 32. Qxf7+ Kh7 33. Qxf8 Rxg3 34. h6 Bh4 35. hxg7 Rxg7 36. Rh1 1-0

[Event "20th Rubinstein Memorial"]
[Site "Polanica Zdroj POL"]
[Date "1982.08.??"]
[Round "6"]
[White "Foisor, Ovidiu"]
[Black "Stempin, Pawel"]
[WhiteElo "2400"]
[BlackElo "2380"]
[Result "1/2-1/2"]
[EventDate "1982.08.11"]
[PlyCount "93"]
1. d4 Nf6 2. c4 e6 3. Nc3 Bb4 4. Qc2 O-O 5. a3 Bxc3+ 6. Qxc3 b6 7. b4 Bb7 8. Bb2 d6 9. Nf3 Nbd7 10. e3 Ne4 11. Qc2 f5 12. Rd1 Ndf6 13. h3 Qe8 14. Be2 Qh5 15. d5 e5 16. Nd2 Qh4 17. O-O Rae8 18. f3 Ng3 19. Rfe1 Bc8 20. Nf1 Nfh5 21. Nxg3 Nxg3 22. Bc1 Rf6 23. Bf1 Bd7 24. c5 bxc5 25. Qc4 Qh6 26. bxc5 Rg6 27. f4 Nxf1 28. Kxf1 Qh4 29. c6 Bc8 30. Re2 Qg3 31. Kg1 Qxh3 32. Bb2 Qh4 33. Rc1 Rh6 34. Kf1 Qh1+ 35. Kf2 Qh2 36. fxe5 Rg6 37. Rg1 Qg3+ 38. Kf1 Rg4 39. Qb5 dxe5 40. Rh1 Rg6 41. Bc3 f4 42. Be1 Qg5 43. exf4 Rf8 44. Bd2 exf4 45. Qd3 Qg4 46. Ke1 Qg5 47. Bb4 1/2-1/2

[Event "20th Rubinstein Memorial"]
[Site "Polanica Zdroj POL"]
[Date "1982.08.??"]
[Round "6"]
[White "Pytel, Krzysztof"]
[Black "Panczyk, Krzysztof"]
[WhiteElo "2405"]
[BlackElo "2380"]
[Result "1-0"]
[EventDate "1982.08.11"]
[PlyCount "52"]
1. d4 Nf6 2. c4 e6 3. Nf3 b6 4. g3 Bb4+ 5. Bd2 Bxd2+ 6. Qxd2 Ba6 7. b3 d5 8. Bg2 O-O 9. Nc3 c5 10. cxd5 exd5 11. O-O Nc6 12. dxc5 bxc5 13. Nh4 Rc8 14. Rfd1 d4 15. Na4 Qe7 16. Rac1 Nb4 17. Nf5 Qxe2 18. Qg5 g6 19. Re1 Qxa2 20. Qxf6 gxf5 21. Nxc5 Rxc5 22. Rxc5 Qd2 23. Ra1 Bd3 24. h4 Nc2 25. Rxa7 Qe1+ 26. Kh2 Qb4 1-0

[Event "20th Rubinstein Memorial"]
[Site "Polanica Zdroj POL"]
[Date "1982.08.??"]
[Round "6"]
[White "Radulov, Ivan"]
[Black "Nicevski, Risto"]
[WhiteElo "2480"]
[BlackElo "2355"]
[Result "1-0"]
[EventDate "1982.08.11"]
[PlyCount "49"]
1. e4 e6 2. d4 d5 3. Nd2 dxe4 4. Nxe4 Nf6 5. Bd3 Nxe4 6. Bxe4 Nd7 7. Nf3 c5 8. O-O Be7 9. c3 O-O 10. Bc2 Qc7 11. Qd3 g6 12. Bg5 Bxg5 13. Nxg5 Nf6 14. Qf3 Kg7 15. dxc5 h6 16. Ne4 Nxe4 17. Qxe4 Qxc5 18. Rad1 Qc7 19. Rfe1 a5 20. Qd4+ Kg8 21. Qf6 Ra6 22. h4 h5 23. Re5 Re8 24. Rd4 b5 25. Bxg6 1-0

[Event "20th Rubinstein Memorial"]
[Site "Polanica Zdroj POL"]
[Date "1982.08.??"]
[Round "6"]
[White "Schmidt, Wlodzimierz"]
[Black "Bielczyk, Jacek"]
[WhiteElo "2475"]
[BlackElo "2390"]
[Result "1/2-1/2"]
[EventDate "1982.08.11"]
[PlyCount "35"]
1. d4 Nf6 2. c4 d6 3. Nc3 Nbd7 4. e4 e5 5. Nf3 g6 6. Be2 Bg7 7. O-O O-O 8. Be3 c6 9. Qc2 Ng4 10. Bg5 f6 11. Bh4 Nh6 12. dxe5 dxe5 13. b4 Nf7 14. Rad1 Qe7 15. c5 a5 16. a3 axb4 17. axb4 b6 18. cxb6 1/2-1/2

[Event "20th Rubinstein Memorial"]
[Site "Polanica Zdroj POL"]
[Date "1982.08.??"]
[Round "6"]
[White "Spiridonov, Nikola"]
[Black "Pokojowczyk, Jerzy"]
[WhiteElo "2440"]
[BlackElo "2420"]
[Result "1/2-1/2"]
[EventDate "1982.08.11"]
[PlyCount "86"]
1. Nf3 Nf6 2. g3 e6 3. Bg2 d5 4. O-O Be7 5. c4 O-O 6. b3 c5 7. cxd5 Nxd5 8. Bb2 Nc6 9. Nc3 Bf6 10. Qc1 Nxc3 11. Bxc3 e5 12. d3 Bg4 13. Qe3 Nd4 14. Bxd4 exd4 15. Qf4 Qd7 16. Rfc1 Rac8 17. Rc2 Rfe8 18. Rac1 b6 19. h4 h6 20. Bf1 a5 21. Nh2 Bh5 22. Nf3 Bg4 23. Nh2 Bh5 24. Nf3 Bd8 25. Nxd4 Bc7 26. Qf5 Qxd4 27. Qxh5 Bxg3 28. e3 Qxh4 29. Qxh4 Bxh4 30. d4 Be7 31. dxc5 Bxc5 32. Rd1 Re6 33. Rd7 Rg6+ 34. Bg2 Re8 35. Kf1 Rf6 36. Ke2 Re5 37. Rc4 b5 38. Re4 Rfe6 39. Rxe5 Rxe5 40. Rd5 Rxd5 41. Bxd5 b4 42. f4 g6 43. e4 Kg7 1/2-1/2

[Event "20th Rubinstein Memorial"]
[Site "Polanica Zdroj POL"]
[Date "1982.08.??"]
[Round "6"]
[White "Vilela de Acuna, Jose Luis"]
[Black "Vogt, Lothar"]
[WhiteElo "2328"]
[BlackElo "2490"]
[Result "1/2-1/2"]
[EventDate "1982.08.11"]
[PlyCount "21"]
1. d4 Nf6 2. c4 g6 3. Nc3 Bg7 4. e4 d6 5. Be2 O-O 6. Nf3 e5 7. O-O Nbd7 8. Be3 c6 9. Qc2 Ng4 10. Bg5 f6 11. Bh4 1/2-1/2

[Event "20th Rubinstein Memorial"]
[Site "Polanica Zdroj POL"]
[Date "1982.08.??"]
[Round "7"]
[White "Bielczyk, Jacek"]
[Black "Radulov, Ivan"]
[WhiteElo "2390"]
[BlackElo "2480"]
[Result "1/2-1/2"]
[EventDate "1982.08.11"]
[PlyCount "32"]
1. e4 e6 2. Nf3 d5 3. Nc3 dxe4 4. Nxe4 Nd7 5. d4 Ngf6 6. Nxf6+ Nxf6 7. Bc4 Be7 8. Qe2 O-O 9. Bf4 b6 10. O-O Bb7 11. Rad1 Nd5 12. Be5 a6 13. c3 Nf6 14. Rfe1 Bd6 15. Bd3 Nd7 16. Bxd6 cxd6 1/2-1/2

[Event "20th Rubinstein Memorial"]
[Site "Polanica Zdroj POL"]
[Date "1982.08.??"]
[Round "7"]
[White "Panczyk, Krzysztof"]
[Black "Filipowicz, Andrzej"]
[WhiteElo "2380"]
[BlackElo "2395"]
[Result "1/2-1/2"]
[EventDate "1982.08.11"]
[PlyCount "88"]
1. d4 Nf6 2. c4 c5 3. d5 d6 4. Nc3 g6 5. e4 Bg7 6. Nf3 O-O 7. Be2 Na6 8. O-O Nc7 9. h3 a6 10. a4 b6 11. Bg5 Rb8 12. Qd2 Bd7 13. e5 Nfe8 14. Ne4 f6 15. exf6 Nxf6 16. Nxf6+ Bxf6 17. Bh6 Bg7 18. Bxg7 Kxg7 19. Rfe1 Rf6 20. b4 cxb4 21. Qxb4 a5 22. Qc3 Na6 23. Bd3 Nc5 24. Bc2 Qf8 25. Re3 Kg8 26. Qe1 e5 27. dxe6 Bxe6 28. Ng5 Bxc4 29. Re7 Bf7 30. Ra3 Re8 31. Rae3 Rxe7 32. Rxe7 Rxf2 33. Nxh7 Rxg2+ 34. Kxg2 Kxh7 35. Kg1 Kg8 36. Bb1 Qh6 37. Qg3 Nxa4 38. h4 Nc5 39. Qf2 Qg7 40. Kh2 d5 41. h5 Ne4 42. Bxe4 dxe4 43. Qxb6 gxh5 44. Qb8+ Kh7 1/2-1/2

[Event "20th Rubinstein Memorial"]
[Site "Polanica Zdroj POL"]
[Date "1982.08.??"]
[Round "7"]
[White "Popovic, Petar"]
[Black "Spiridonov, Nikola"]
[WhiteElo "2460"]
[BlackElo "2440"]
[Result "1/2-1/2"]
[EventDate "1982.08.11"]
[PlyCount "24"]
1. e4 c5 2. Nf3 d6 3. d4 cxd4 4. Nxd4 Nf6 5. Nc3 g6 6. g3 Nc6 7. Nde2 Bg7 8. Bg2 O-O 9. O-O Bg4 10. h3 Bxe2 11. Qxe2 Rc8 12. Qd1 Ne5 1/2-1/2

[Event "20th Rubinstein Memorial"]
[Site "Polanica Zdroj POL"]
[Date "1982.08.??"]
[Round "7"]
[White "Sznapik, Aleksander"]
[Black "Schmidt, Wlodzimierz"]
[WhiteElo "2480"]
[BlackElo "2475"]
[Result "1-0"]
[EventDate "1982.08.11"]
[PlyCount "71"]
1. e4 c5 2. Nf3 d6 3. d4 cxd4 4. Nxd4 Nf6 5. Nc3 a6 6. f4 e6 7. Be2 Be7 8. O-O Nc6 9. Be3 O-O 10. Kh1 Qc7 11. a4 Bd7 12. Bd3 Nxd4 13. Bxd4 e5 14. Be3 Bc6 15. a5 exf4 16. Rxf4 Nd7 17. Qh5 Ne5 18. Bb6 Qd7 19. Raf1 Rae8 20. Bd4 Bd8 21. b4 Qe7 22. Qe2 g6 23. Qf2 Qe6 24. Qg3 h5 25. h4 Be7 26. Nd1 Kh7 27. Ne3 f6 28. Be2 d5 29. exd5 Bxd5 30. Nxd5 Qxd5 31. c3 f5 32. Bxh5 gxh5 33. Rxf5 Rxf5 34. Rxf5 Bf8 35. Rxh5+ Bh6 36. Rxe5 1-0

[Event "20th Rubinstein Memorial"]
[Site "Polanica Zdroj POL"]
[Date "1982.08.??"]
[Round "7"]
[White "Vogt, Lothar"]
[Black "Pytel, Krzysztof"]
[WhiteElo "2490"]
[BlackElo "2405"]
[Result "1/2-1/2"]
[EventDate "1982.08.11"]
[PlyCount "99"]
1. e4 c5 2. Nf3 d6 3. d4 cxd4 4. Nxd4 Nf6 5. Nc3 a6 6. Be2 e5 7. Nb3 Be7 8. O-O O-O 9. Kh1 b5 10. Nd5 Nxd5 11. exd5 Nd7 12. a4 b4 13. Bd2 Rb8 14. c3 Nf6 15. c4 Ne4 16. Be3 Bg5 17. Bxg5 Qxg5 18. f3 Nc5 19. Nxc5 dxc5 20. Qc1 Qxc1 21. Raxc1 f5 22. f4 e4 23. b3 Rb6 24. Kg1 Rh6 25. h3 Kf7 26. Kf2 Ke7 27. Rh1 Kd6 28. Rcg1 Rhf6 29. Ke3 Bd7 30. g4 g6 31. Rf1 Rh8 32. Rhg1 Rhf8 33. h4 Be8 34. h5 Bd7 35. gxf5 gxf5 36. Rg7 R8f7 37. Rfg1 Rxg7 38. Rxg7 h6 39. a5 Bc8 40. Bf1 Bd7 41. Bh3 Bc8 42. Rh7 Bd7 43. Rh8 Kc7 44. Rg8 Kd6 45. Ra8 Ke7 46. Rb8 Kf7 47. Rb7 Ke7 48. Rc7 Kd6 49. Ra7 Bc8 50. Rh7 1/2-1/2

[Event "20th Rubinstein Memorial"]
[Site "Polanica Zdroj POL"]
[Date "1982.08.??"]
[Round "8"]
[White "Filipowicz, Andrzej"]
[Black "Vogt, Lothar"]
[WhiteElo "2395"]
[BlackElo "2490"]
[Result "0-1"]
[EventDate "1982.08.11"]
[PlyCount "74"]
1. d4 Nf6 2. c4 g6 3. Nc3 Bg7 4. e4 d6 5. Be2 O-O 6. Nf3 e5 7. O-O Nbd7 8. Be3 c6 9. Qc2 Ng4 10. Bg5 f6 11. Bh4 Nh6 12. dxe5 dxe5 13. b4 Qe7 14. a3 Re8 15. Nd2 Nf8 16. Nb3 Ne6 17. Rfd1 g5 18. Bg3 f5 19. f3 Nd4 20. Qb2 f4 21. Bf2 Nxe2+ 22. Qxe2 g4 23. Rd2 Qg5 24. Kh1 Nf7 25. Nc5 g3 26. Bg1 b6 27. Nd3 Re6 28. c5 Rh6 29. h3 Qh4 30. cxb6 axb6 31. Bxb6 Bxh3 32. Kg1 Be6 33. Kf1 Qe7 34. Bg1 Rh1 35. Qd1 Nd6 36. Nb2 Nc4 37. Ke2 Nxb2 0-1

[Event "20th Rubinstein Memorial"]
[Site "Polanica Zdroj POL"]
[Date "1982.08.??"]
[Round "8"]
[White "Foisor, Ovidiu"]
[Black "Bielczyk, Jacek"]
[WhiteElo "2400"]
[BlackElo "2390"]
[Result "1/2-1/2"]
[EventDate "1982.08.11"]
[PlyCount "30"]
1. d4 Nf6 2. c4 c5 3. e3 g6 4. Nc3 Bg7 5. Nf3 O-O 6. Be2 cxd4 7. exd4 d5 8. O-O dxc4 9. Bxc4 Nbd7 10. Re1 Nb6 11. Bb3 Nbd5 12. Bg5 Be6 13. Rc1 Re8 14. Qd2 Nxc3 15. bxc3 Bxb3 1/2-1/2

[Event "20th Rubinstein Memorial"]
[Site "Polanica Zdroj POL"]
[Date "1982.08.??"]
[Round "8"]
[White "Pokojowczyk, Jerzy"]
[Black "Popovic, Petar"]
[WhiteElo "2420"]
[BlackElo "2460"]
[Result "0-1"]
[EventDate "1982.08.11"]
[PlyCount "74"]
1. e4 c5 2. Nf3 d6 3. d4 cxd4 4. Nxd4 Nf6 5. Nc3 Nc6 6. Bg5 Qb6 7. Nb3 e6 8. Bd3 Be7 9. O-O a6 10. Kh1 Qc7 11. Qe2 b5 12. f4 Bb7 13. Rae1 b4 14. Na4 Nd7 15. Bxe7 Nxe7 16. e5 Bc6 17. exd6 Qxd6 18. Be4 Bb5 19. Qf2 Rb8 20. Rd1 Qc7 21. Nac5 Nxc5 22. Nxc5 Bxf1 23. Rxf1 Qa7 24. Bd3 O-O 25. Bxa6 Rfd8 26. Bd3 Rbc8 27. Nb3 Qxf2 28. Rxf2 Nd5 29. g3 Nb6 30. Na5 Rd5 31. Nb3 Na4 32. a3 Nxb2 33. Ba6 Rb8 34. axb4 Rxb4 35. Kg2 g6 36. Kf3 Na4 37. Bd3 Rxd3+ 0-1

[Event "20th Rubinstein Memorial"]
[Site "Polanica Zdroj POL"]
[Date "1982.08.??"]
[Round "8"]
[White "Radulov, Ivan"]
[Black "Sznapik, Aleksander"]
[WhiteElo "2480"]
[BlackElo "2480"]
[Result "1/2-1/2"]
[EventDate "1982.08.11"]
[PlyCount "34"]
1. e4 g6 2. d4 Bg7 3. Nf3 d6 4. Be2 Nf6 5. Nc3 O-O 6. O-O c6 7. a4 a5 8. h3 Na6 9. Be3 Nb4 10. Qd2 d5 11. e5 Ne8 12. Ne1 f6 13. f4 f5 14. Nd1 b6 15. c3 Na6 16. Nf2 Nec7 17. Nf3 Ne6 1/2-1/2

[Event "20th Rubinstein Memorial"]
[Site "Polanica Zdroj POL"]
[Date "1982.08.??"]
[Round "8"]
[White "Spiridonov, Nikola"]
[Black "Panczyk, Krzysztof"]
[WhiteElo "2440"]
[BlackElo "2380"]
[Result "1/2-1/2"]
[EventDate "1982.08.11"]
[PlyCount "101"]
1. Nf3 Nf6 2. g3 d5 3. Bg2 g6 4. c4 c6 5. b3 Bg7 6. Bb2 O-O 7. O-O a5 8. d3 Na6 9. a3 Bg4 10. Nbd2 Nd7 11. Bxg7 Kxg7 12. Qc2 e5 13. Qb2 d4 14. b4 f6 15. h3 Be6 16. Rfb1 Rb8 17. Nb3 axb4 18. axb4 Nxb4 19. Nbxd4 exd4 20. Nxd4 Bf7 21. Qxb4 c5 22. Qb2 cxd4 23. Qxd4 b6 24. Ra7 Ne5 25. Qxd8 Rfxd8 26. f4 Nd7 27. Bc6 Nc5 28. Rba1 Kf8 29. Kf2 Rd6 30. Bf3 Rbd8 31. Ra8 Ke7 32. Rxd8 Rxd8 33. Ke3 Kd6 34. Ra3 f5 35. Kd2 Re8 36. e3 Re7 37. g4 Be8 38. g5 Bc6 39. Be2 Re8 40. h4 Ra8 41. Rxa8 Bxa8 42. h5 Ne6 43. h6 Bc6 44. d4 Nc7 45. Bd3 Ne8 46. Kc3 Be4 47. Be2 Bc6 48. Bd3 Be4 49. Be2 Kc6 50. Kb4 Kd6 51. Kc3 1/2-1/2

[Event "20th Rubinstein Memorial"]
[Site "Polanica Zdroj POL"]
[Date "1982.08.??"]
[Round "8"]
[White "Vilela de Acuna, Jose Luis"]
[Black "Nicevski, Risto"]
[WhiteElo "2328"]
[BlackElo "2355"]
[Result "1/2-1/2"]
[EventDate "1982.08.11"]
[PlyCount "47"]
1. d4 Nf6 2. c4 g6 3. Nc3 Bg7 4. e4 d6 5. Be2 O-O 6. Nf3 e5 7. O-O Nc6 8. d5 Ne7 9. Nd2 Ne8 10. b4 f5 11. c5 Nf6 12. f3 f4 13. Nc4 g5 14. Ba3 h5 15. b5 Ne8 16. Bb4 Ng6 17. a4 Rf7 18. a5 Bf8 19. c6 b6 20. axb6 cxb6 21. Na4 Rb8 22. Nab2 Nf6 23. Kh1 g4 24. Be1 1/2-1/2

[Event "20th Rubinstein Memorial"]
[Site "Polanica Zdroj POL"]
[Date "1982.08.??"]
[Round "9"]
[White "Bielczyk, Jacek"]
[Black "Vilela de Acuna, Jose Luis"]
[WhiteElo "2390"]
[BlackElo "2328"]
[Result "1/2-1/2"]
[EventDate "1982.08.11"]
[PlyCount "37"]
1. e4 e6 2. d4 d5 3. Nc3 Bb4 4. Nge2 dxe4 5. a3 Bxc3+ 6. Nxc3 Nc6 7. Bb5 Nge7 8. Bg5 f6 9. Be3 O-O 10. Qd2 f5 11. O-O-O Nd5 12. Bxc6 bxc6 13. Bf4 Nxc3 14. Qxc3 Qd5 15. Bxc7 a5 16. a4 Rf7 17. Be5 Ba6 18. Rhe1 f4 19. f3 1/2-1/2

[Event "20th Rubinstein Memorial"]
[Site "Polanica Zdroj POL"]
[Date "1982.08.??"]
[Round "9"]
[White "Nicevski, Risto"]
[Black "Pytel, Krzysztof"]
[WhiteElo "2355"]
[BlackElo "2405"]
[Result "1/2-1/2"]
[EventDate "1982.08.11"]
[PlyCount "28"]
1. e4 c5 2. Nf3 d6 3. d4 cxd4 4. Nxd4 Nf6 5. Nc3 a6 6. a4 Nc6 7. Bg5 g6 8. Bxf6 exf6 9. g3 Bg7 10. Bg2 O-O 11. O-O f5 12. Nxc6 bxc6 13. exf5 Bxf5 14. Bxc6 Rb8 1/2-1/2

[Event "20th Rubinstein Memorial"]
[Site "Polanica Zdroj POL"]
[Date "1982.08.??"]
[Round "9"]
[White "Schmidt, Wlodzimierz"]
[Black "Radulov, Ivan"]
[WhiteElo "2475"]
[BlackElo "2480"]
[Result "1/2-1/2"]
[EventDate "1982.08.11"]
[PlyCount "35"]
1. d4 d5 2. c4 e6 3. Nf3 c6 4. Qc2 Nd7 5. cxd5 exd5 6. Nc3 Ngf6 7. Bf4 Nh5 8. Bg5 Be7 9. Bxe7 Qxe7 10. e3 g6 11. g4 Nhf6 12. h3 h5 13. Rg1 hxg4 14. hxg4 Nb6 15. Ne5 Nbd7 16. Nf3 Nb6 17. Ne5 Nbd7 18. Nf3 1/2-1/2

[Event "20th Rubinstein Memorial"]
[Site "Polanica Zdroj POL"]
[Date "1982.08.??"]
[Round "9"]
[White "Stempin, Pawel"]
[Black "Filipowicz, Andrzej"]
[WhiteElo "2380"]
[BlackElo "2395"]
[Result "1/2-1/2"]
[EventDate "1982.08.11"]
[PlyCount "80"]
1. d4 f5 2. Nc3 Nf6 3. Bg5 e6 4. e4 fxe4 5. Nxe4 Be7 6. Bxf6 Bxf6 7. Qh5+ g6 8. Qh6 Nc6 9. Nf3 Qe7 10. O-O-O Bg7 11. Qe3 d6 12. Bb5 Bd7 13. h4 h6 14. Rhe1 a6 15. Bf1 O-O 16. Ng3 Qf6 17. Kb1 b5 18. Qe4 Rae8 19. h5 Ne7 20. hxg6 Qxg6 21. Qh4 Nf5 22. Nxf5 exf5 23. Bd3 Qxg2 24. Nh2 Qg5 25. Qh3 Rxe1 26. Rxe1 Bc6 27. c3 Bg2 28. Qe3 Qxe3 29. Rxe3 Be4 30. Kc2 c5 31. dxc5 dxc5 32. f3 Bxd3+ 33. Rxd3 c4 34. Rd5 Re8 35. Nf1 Re5 36. Rd6 a5 37. Ng3 Kf7 38. Rc6 Bf6 39. a4 Kg6 40. axb5 Rxb5 1/2-1/2

[Event "20th Rubinstein Memorial"]
[Site "Polanica Zdroj POL"]
[Date "1982.08.??"]
[Round "9"]
[White "Sznapik, Aleksander"]
[Black "Foisor, Ovidiu"]
[WhiteElo "2480"]
[BlackElo "2400"]
[Result "1-0"]
[EventDate "1982.08.11"]
[PlyCount "43"]
1. e4 c5 2. Nf3 e6 3. d4 cxd4 4. Nxd4 Nf6 5. Nc3 d6 6. Be2 Be7 7. O-O O-O 8. f4 Nc6 9. Kh1 Bd7 10. Be3 Nxd4 11. Bxd4 Bc6 12. Bd3 g6 13. Qe2 Qa5 14. a3 a6 15. Qe1 Qc7 16. f5 gxf5 17. Nd5 Qd8 18. Nxe7+ Qxe7 19. Qh4 e5 20. Rxf5 exd4 21. Rxf6 Qe5 22. Rf5 1-0

[Event "20th Rubinstein Memorial"]
[Site "Polanica Zdroj POL"]
[Date "1982.08.??"]
[Round "9"]
[White "Vogt, Lothar"]
[Black "Spiridonov, Nikola"]
[WhiteElo "2490"]
[BlackElo "2440"]
[Result "1-0"]
[EventDate "1982.08.11"]
[PlyCount "107"]
1. e4 c6 2. d4 d5 3. Nc3 dxe4 4. Nxe4 Nd7 5. Nf3 Ngf6 6. Ng3 e6 7. Bd3 c5 8. O-O Be7 9. Qe2 O-O 10. Rd1 Qc7 11. c4 cxd4 12. Nxd4 a6 13. Bg5 Ne5 14. Bc2 Bd7 15. Rac1 Rfd8 16. Ne4 Ng6 17. Nxf6+ gxf6 18. Bh6 Rac8 19. c5 Qe5 20. b4 a5 21. a3 axb4 22. axb4 b6 23. cxb6 Bxb4 24. Be3 f5 25. Qh5 Nf4 26. Qg5+ Ng6 27. b7 Rb8 28. Nc6 Bxc6 29. Rxd8+ Bf8 30. Bf4 Qxf4 31. Qxf4 Nxf4 32. Rxb8 Bxb7 33. Bd1 Ba6 34. Rc6 Be2 35. Bxe2 Nxe2+ 36. Kf1 Nf4 37. Rc7 Ng6 38. Rbb7 Nh8 39. Ke2 Kg7 40. g3 Kf6 41. f3 h5 42. Kd3 Bd6 43. Rc6 Bf8 44. f4 Bh6 45. Rc8 Ng6 46. h4 Bg7 47. Kc4 Nh8 48. Kc5 Kg6 49. Kd6 Bd4 50. Rg8+ Kh6 51. Rxh8+ Bxh8 52. Rxf7 Bd4 53. Kxe6 Bf2 54. Rf6+ 1-0

[Event "20th Rubinstein Memorial"]
[Site "Polanica Zdroj POL"]
[Date "1982.08.??"]
[Round "10"]
[White "Filipowicz, Andrzej"]
[Black "Nicevski, Risto"]
[WhiteElo "2395"]
[BlackElo "2355"]
[Result "1/2-1/2"]
[EventDate "1982.08.11"]
[PlyCount "102"]
1. Nf3 Nf6 2. c4 g6 3. g3 Bg7 4. Bg2 O-O 5. Nc3 d6 6. O-O e5 7. d3 Nc6 8. Rb1 a5 9. a3 Re8 10. e4 Bg4 11. Be3 Nd4 12. Bxd4 exd4 13. Ne2 Nd7 14. b3 Qf6 15. Ne1 Nc5 16. f3 Bd7 17. f4 Qe7 18. Nf3 f5 19. Nexd4 fxe4 20. dxe4 Qxe4 21. Re1 Qd3 22. Qxd3 Nxd3 23. Rxe8+ Rxe8 24. Rd1 Nc5 25. b4 axb4 26. axb4 Na4 27. Rc1 Re4 28. Nb3 Nc3 29. Nfd2 Re7 30. Rf1 c6 31. h3 h5 32. Kh2 Re2 33. Kh1 Bf5 34. Bf3 Re3 35. Kg2 d5 36. cxd5 Nxd5 37. b5 Rd3 38. bxc6 bxc6 39. Rc1 Bc3 40. Ne4 Bxh3+ 41. Kxh3 Rxf3 42. Nxc3 Rxc3 43. Rxc3 Nxc3 44. g4 Ne2 45. f5 gxf5 46. gxf5 Kg7 47. Kg2 Kf6 48. Kf3 Nc3 49. Nd4 c5 50. Ne6 c4 51. Nf4 Kxf5 1/2-1/2

[Event "20th Rubinstein Memorial"]
[Site "Polanica Zdroj POL"]
[Date "1982.08.??"]
[Round "10"]
[White "Foisor, Ovidiu"]
[Black "Schmidt, Wlodzimierz"]
[WhiteElo "2400"]
[BlackElo "2475"]
[Result "1/2-1/2"]
[EventDate "1982.08.11"]
[PlyCount "85"]
1. d4 Nf6 2. c4 g6 3. Nc3 d5 4. Nf3 Bg7 5. Bg5 Ne4 6. Bh4 Nxc3 7. bxc3 dxc4 8. Qa4+ Qd7 9. Qxc4 b6 10. e3 Ba6 11. Qb3 Bxf1 12. Kxf1 c5 13. Ke2 cxd4 14. cxd4 Nc6 15. Rhd1 O-O 16. Rac1 Rac8 17. Kf1 e6 18. Qb5 Qb7 19. Nd2 Na5 20. Nb3 Nxb3 21. axb3 a6 22. Qd3 Rxc1 23. Rxc1 Rc8 24. Rxc8+ Qxc8 25. Qc4 Qb7 26. Bd8 b5 27. Qc7 Qxc7 28. Bxc7 Kf8 29. Bd6+ Ke8 30. b4 Kd7 31. Bc5 f5 32. f3 Bf6 33. e4 Kc6 34. Ke2 Bd8 35. g4 fxe4 36. fxe4 a5 37. bxa5 Bxa5 38. Kd3 e5 39. h3 exd4 40. Bxd4 Kd6 41. Bb2 Be1 42. Bd4 Bg3 43. Ba7 1/2-1/2

[Event "20th Rubinstein Memorial"]
[Site "Polanica Zdroj POL"]
[Date "1982.08.??"]
[Round "10"]
[White "Pokojowczyk, Jerzy"]
[Black "Vogt, Lothar"]
[WhiteElo "2420"]
[BlackElo "2490"]
[Result "1/2-1/2"]
[EventDate "1982.08.11"]
[PlyCount "72"]
1. e4 c5 2. Nf3 e6 3. d4 cxd4 4. Nxd4 Nf6 5. Nc3 d6 6. g4 h6 7. h4 Nc6 8. Rg1 d5 9. exd5 Nxd5 10. Nxd5 Qxd5 11. Bg2 Qe5+ 12. Be3 Bd7 13. Nxc6 Bxc6 14. Bxc6+ bxc6 15. Qd4 Qxd4 16. Bxd4 c5 17. Bc3 Rd8 18. Ke2 Rd5 19. Rad1 Kd7 20. Kf3 Rg8 21. Ke4 Kc6 22. Be5 Be7 23. c4 Rxd1 24. Rxd1 f6 25. Bg3 h5 26. gxh5 Rh8 27. Rd3 Rxh5 28. Ra3 Kb6 29. Kf3 f5 30. Re3 Bxh4 31. Rxe6+ Ka5 32. Be5 Kb4 33. Bxg7 Kxc4 34. Re5 Bxf2 35. Kxf2 Rh2+ 36. Kf3 Rxb2 1/2-1/2

[Event "20th Rubinstein Memorial"]
[Site "Polanica Zdroj POL"]
[Date "1982.08.??"]
[Round "10"]
[White "Popovic, Petar"]
[Black "Panczyk, Krzysztof"]
[WhiteElo "2460"]
[BlackElo "2380"]
[Result "1-0"]
[EventDate "1982.08.11"]
[PlyCount "63"]
1. e4 e5 2. Nf3 Nc6 3. Bb5 a6 4. Ba4 Nf6 5. O-O b5 6. Bb3 Bb7 7. c3 Nxe4 8. d4 d5 9. dxe5 Na5 10. Bc2 Be7 11. Nd4 Nc6 12. f3 Nc5 13. f4 Ne4 14. Be3 O-O 15. Nd2 Na5 16. Nf5 Nxd2 17. Bxd2 Bc5+ 18. Kh1 Nc4 19. Bc1 g6 20. Nd4 Bb6 21. b3 c5 22. Nf3 Na5 23. f5 d4 24. cxd4 cxd4 25. Bh6 Re8 26. e6 fxe6 27. fxg6 Qd5 28. Qd3 Qh5 29. gxh7+ Kh8 30. Qg6 Qxg6 31. Bxg6 Bxf3 32. Rxf3 1-0

[Event "20th Rubinstein Memorial"]
[Site "Polanica Zdroj POL"]
[Date "1982.08.??"]
[Round "10"]
[White "Spiridonov, Nikola"]
[Black "Stempin, Pawel"]
[WhiteElo "2440"]
[BlackElo "2380"]
[Result "1-0"]
[EventDate "1982.08.11"]
[PlyCount "91"]
1. g3 Nf6 2. Bg2 e6 3. c4 d5 4. Nf3 dxc4 5. Qa4+ Nbd7 6. O-O c5 7. Qxc4 b6 8. d4 Bb7 9. Nc3 Rc8 10. Rd1 a6 11. Qd3 b5 12. dxc5 Bxc5 13. Be3 Qb6 14. Bxc5 Nxc5 15. Qe3 O-O 16. a3 Nd5 17. Nxd5 Bxd5 18. Rac1 Na4 19. Qxb6 Nxb6 20. Ne5 Rxc1 21. Rxc1 Bxg2 22. Kxg2 Rc8 23. Rxc8+ Nxc8 24. Kf3 Kf8 25. Ke3 Ke7 26. Kd4 f6 27. Nd3 Kd6 28. f4 Ne7 29. b4 Nc6+ 30. Kc3 Nd8 31. Nc5 a5 32. Nb3 axb4+ 33. Kxb4 Kc6 34. Nd4+ Kb6 35. Nxb5 Nc6+ 36. Ka4 Kc5 37. Nc7 e5 38. Ne6+ Kd5 39. Kb5 g6 40. Nc7+ Kd6 41. Ne8+ Kd7 42. Nxf6+ Kc7 43. Kc5 exf4 44. gxf4 h5 45. e4 Nd8 46. Kd5 1-0